000
00253cam a2200109ua 4500
999
_c
12919
_d
12919
082
_a
658.5
_b
SHA/PR
100
_a
Sharma, V.L .
_9
3246
245
_a
Production management
260
_a
Jaipur :
_b
ABD Publishers ,
_c
2001.
300
_a
; .
942
_c
BK